Computer engineering : A DEC view of hardware systems design /

Guardado en:
Detalles Bibliográficos
Autores principales: McNamara, John E (Autor), Bell, Gordon C (Autor), Mudge, Craig J (Autor)
Formato: Libro
Lenguaje:inglés
Publicado: Bedford : Digital Press, 1978
Edición:1.vyd.
Materias:
Etiquetas: Agregar Etiqueta
Sin Etiquetas, Sea el primero en etiquetar este registro!

MARC

LEADER 00000nam a22000003a 4500
001 stu5239
005 20150617225812.2
008 940308s1978----xxu-----------------eng-d
020 |a 1-55558-021-1 
040 |a STU  |b slo 
041 0 |a eng 
044 |a xxu 
080 |a 681.32.02  |7 stu_us_auth*stu8293 
100 1 |a McNamara, John E  |4 aut 
245 1 |a Computer engineering :  |b A DEC view of hardware systems design /  |c [aut.] Bell,Gordon C.; Mudge,Craig J.; McNamara,John E 
250 |a 1.vyd. 
260 |a Bedford :  |b Digital Press,  |c 1978 
300 |a 585 s 
650 7 |a počítače  |2 stusub 
650 7 |a počítačové systémy  |2 stusub 
650 7 |a hardware  |2 estusub 
650 7 |a PDP-1  |2 stusub 
650 7 |a PDP-8  |2 stusub 
650 7 |a PDP-11  |2 stusub 
650 7 |a DEC systémy  |2 stusub 
650 7 |a VAX-11  |2 stusub 
700 1 |a Bell, Gordon C  |4 aut 
700 1 |a Mudge, Craig J  |4 aut 
996 |b 284IK06557  |c I*2HS4844  |l I  |s A  |a 24  |w stu5239_0001